[Event "DEM U14w 2016"]
[Site "Willingen GER"]
[Date "2016.05.16"]
[Round "3"]
[White "Abele, Anais"]
[Black "Müdder, Melanie"]
[Result "1-0"]
[Termination "normal"]
[Board "8"]
[WhiteElo "1560"]
[BlackElo "1527"]
[PlyCount "83"]
[WhiteFideId "16208927"]
[BlackFideId "12994103"]
[EventCountry "GER"]
[EventRounds "9"]
[EventType "swiss"]
[EventDate "2016.05.14"]

1. e4 c5 2. Nf3 Nc6 3. d4 cxd4 4. Nxd4 g6 5. c4 Bg7 6. Be3 Nf6 7. Nc3 d6 8. Be2
O-O 9. O-O Nxd4 10. Bxd4 Be6 11. f4 Qc8 12. b3 Bg4 13. Bxg4 Qxg4 14. Qxg4 Nxg4
15. Bxg7 Kxg7 16. Rae1 Rac8 17. h3 Nf6 18. Nd5 Nxd5 19. exd5 Rfe8 20. Rf3 e6
21. Rfe3 Kf6 22. dxe6 fxe6 23. Kf2 Kf7 24. Kf3 d5 25. cxd5 exd5 26. Rxe8 Rxe8
27. Rxe8 Kxe8 28. Ke3 Ke7 29. Kd4 Ke6 30. a3 Kf5 31. g3 Ke6 32. g4 b6 33. b4 h5
34. b5 h4 35. a4 Kf6 36. Kxd5 g5 37. f5 Kf7 38. Kc6 Ke7 39. Kb7 Kd7 40. Kxa7
Kc7 41. Ka6 Kb8 42. f6 1-0

[Event "DEM U14w 2016"]
[Site "Willingen GER"]
[Date "2016.05.16"]
[Round "3"]
[White "Kublanov, Elizabeth"]
[Black "Voß, Henrike"]
[Result "1/2-1/2"]
[Termination "normal"]
[Board "9"]
[WhiteElo "1462"]
[BlackElo "1461"]
[PlyCount "115"]
[WhiteFideId "12944564"]
[BlackFideId "12971910"]
[EventCountry "GER"]
[EventRounds "9"]
[EventType "swiss"]
[EventDate "2016.05.14"]

1. d4 d5 2. c4 e6 3. Nc3 Nf6 4. cxd5 exd5 5. Bg5 c6 6. e3 Nbd7 7. Bd3 Bd6 8.
Nf3 O-O 9. O-O Re8 10. e4 dxe4 11. Nxe4 Be7 12. Nxf6+ Nxf6 13. Qc2 h6 14. Bf4
Nd5 15. Bd2 Bf6 16. Rae1 Bg4 17. Ne5 Be6 18. a4 a5 19. Bf5 Qc7 20. Qe4 Rad8 21.
Qg4 Bxf5 22. Qxf5 Ne7 23. Qg4 Nf5 24. Qxf5 Bxe5 25. dxe5 Rxd2 26. e6 Rxb2 27.
exf7+ Qxf7 28. Rxe8+ Qxe8 29. Qxa5 Qe2 30. h3 Qc2 31. Qd8+ Kh7 32. Qd1 Qc5 33.
Qf3 Qb4 34. Rd1 Rd2 35. Re1 Rd5 36. Qe4+ Qxe4 37. Rxe4 Rd1+ 38. Kh2 Rd8 39. Rb4
Rd7 40. Kg3 Rc7 41. Kf4 c5 42. Rc4 b6 43. Ke5 Rd7 44. f3 h5 45. Rh4 g6 46. g3
Kg7 47. f4 Rd3 48. g4 hxg4 49. Rxg4 Rd4 50. f5 Rxg4 51. hxg4 gxf5 52. gxf5 Kf7
53. f6 Kf8 54. Kd5 Kf7 55. a5 bxa5 56. Kxc5 Kxf6 57. Kb5 a4 58. Kxa4 1/2-1/2

[Event "DEM U14w 2016"]
[Site "Willingen GER"]
[Date "2016.05.16"]
[Round "3"]
[White "Wong, Kar Yan"]
[Black "Mundt, Alexandra"]
[Result "1-0"]
[Termination "normal"]
[Board "10"]
[WhiteElo "1515"]
[BlackElo "1259"]
[PlyCount "120"]
[WhiteFideId "12971855"]
[BlackFideId "16217276"]
[EventCountry "GER"]
[EventRounds "9"]
[EventType "swiss"]
[EventDate "2016.05.14"]

1. e4 e5 2. Nf3 Nc6 3. Bb5 Bc5 4. O-O Nf6 5. d3 d6 6. c3 Bd7 7. Ba4 O-O 8. Nbd2
a6 9. h3 Re8 10. Re1 Ne7 11. Bc2 Ng6 12. Nf1 Bc6 13. Ng3 Bb6 14. Bd2 d5 15.
exd5 Qxd5 16. Ne4 Nxe4 17. dxe4 Qd8 18. Bb3 h6 19. Qc2 Qf6 20. Be3 Nh4 21. Nxh4
Bxe3 22. Rxe3 Qxh4 23. Rae1 Rad8 24. Rf3 Rd7 25. Bc4 Red8 26. Qb3 Rf8 27. Bd5
Bb5 28. a4 c6 29. Bxf7+ Rfxf7 30. axb5 axb5 31. Rxf7 Rxf7 32. Re2 Qf4 33. Qd1
Kh7 34. Qd2 Qxd2 35. Rxd2 Rf4 36. f3 Rf7 37. Rd6 Re7 38. Kf2 g6 39. Ke3 h5 40.
h4 Kg7 41. g3 Kf7 42. f4 exf4+ 43. gxf4 Re6 44. Rd7+ Re7 45. Rxe7+ Kxe7 46. f5
gxf5 47. exf5 Kf6 48. Kf4 b6 49. b3 c5 50. Ke4 c4 51. b4 Kf7 52. Ke5 Ke7 53.
f6+ Kf7 54. Kf5 Kf8 55. Kg6 Kg8 56. Kxh5 Kf8 57. Kg6 Kg8 58. f7+ Kf8 59. h5 Ke7
60. Kg7 Ke6 1-0

[Event "DEM U14w 2016"]
[Site "Willingen GER"]
[Date "2016.05.16"]
[Round "3"]
[White "Garbuz, Nicole"]
[Black "Albert, Eske"]
[Result "1-0"]
[Termination "normal"]
[Board "11"]
[WhiteElo "1618"]
[BlackElo "1166"]
[PlyCount "121"]
[WhiteFideId "12990701"]
[BlackFideId "12991813"]
[EventCountry "GER"]
[EventRounds "9"]
[EventType "swiss"]
[EventDate "2016.05.14"]

1. e4 e5 2. Nf3 Nc6 3. Bc4 Be7 4. O-O Nf6 5. d3 O-O 6. Nc3 d6 7. h3 Be6 8. Bb3
Qd7 9. Ng5 h6 10. Nxe6 fxe6 11. Be3 d5 12. exd5 exd5 13. Qf3 Rad8 14. Qg3 Kh8
15. Bc1 d4 16. Ne2 Nh5 17. Qg6 Qf5 18. Qxf5 Rxf5 19. g4 Rf6 20. gxh5 Kh7 21.
Ng3 g6 22. Ne4 Rff8 23. hxg6+ Kxg6 24. f4 Kh7 25. Bd2 Bd6 26. Bd5 Rde8 27. Rae1
Rf5 28. Nxd6 cxd6 29. Be4 Ref8 30. Bxf5+ Rxf5 31. fxe5 Rxf1+ 32. Kxf1 dxe5 33.
b4 a6 34. c3 b5 35. cxd4 exd4 36. Re6 Nd8 37. Rxh6+ Kg7 38. Rd6 Nf7 39. Rxd4
Kf6 40. Rf4+ Ke6 41. h4 Ke7 42. Rd4 Ke6 43. h5 Kf6 44. h6 Kg6 45. Rd7 Nxh6 46.
Bxh6 Kxh6 47. Rd6+ Kg5 48. Rxa6 Kf5 49. Rb6 Ke5 50. Rxb5+ Kd4 51. a4 Kxd3 52.
Rc5 Kd4 53. a5 Ke4 54. a6 Kd4 55. a7 Ke4 56. a8=Q+ Kd4 57. Qd5+ Ke3 58. Qe5+
Kd3 59. Qc3+ Ke4 60. Rc4+ Kf5 61. Qd4 1-0

[Event "DEM U14w 2016"]
[Site "Willingen GER"]
[Date "2016.05.16"]
[Round "3"]
[White "Flach, Helene"]
[Black "Könze, Heike"]
[Result "1/2-1/2"]
[Termination "normal"]
[Board "12"]
[WhiteElo "1822"]
[BlackElo "1728"]
[PlyCount "71"]
[WhiteFideId "12929735"]
[BlackFideId "12964476"]
[EventCountry "GER"]
[EventRounds "9"]
[EventType "swiss"]
[EventDate "2016.05.14"]

1. e4 c5 2. Nf3 d6 3. d4 cxd4 4. Nxd4 Nf6 5. Nc3 a6 6. g3 b5 7. Bg2 Bb7 8. a3
e6 9. O-O Be7 10. e5 Bxg2 11. exf6 Bxf1 12. fxe7 Qxe7 13. Qxf1 O-O 14. Qg2 d5
15. Bd2 Nd7 16. Re1 Qf6 17. Nf3 Rac8 18. Be3 Rfe8 19. Rd1 Ne5 20. Nxe5 Qxe5 21.
Qf3 Rc4 22. Bf4 Qf5 23. Qe2 Rd8 24. Rd3 Rdc8 25. Be5 Re4 26. Nxe4 dxe4 27. Rc3
Rd8 28. Bf4 f6 29. Be3 Qe5 30. Qg4 h5 31. Qe2 Qf5 32. Kg2 Qg6 33. Bf4 e5 34.
Be3 f5 35. Kf1 h4 36. Rc5 1/2-1/2

[Event "DEM U14w 2016"]
[Site "Willingen GER"]
[Date "2016.05.16"]
[Round "3"]
[White "Bünte, Kirsten"]
[Black "Truong, Lisa"]
[Result "1/2-1/2"]
[Termination "normal"]
[Board "13"]
[WhiteElo "1453"]
[BlackElo "1655"]
[PlyCount "94"]
[WhiteFideId "16200535"]
[BlackFideId "12983462"]
[EventCountry "GER"]
[EventRounds "9"]
[EventType "swiss"]
[EventDate "2016.05.14"]

1. d4 Nf6 2. c4 e5 3. e3 exd4 4. exd4 d6 5. Nc3 Nc6 6. Nf3 Bg4 7. Be2 Be7 8.
O-O O-O 9. Be3 Nd7 10. Nd2 Bxe2 11. Nxe2 Bf6 12. Ne4 Re8 13. N2c3 Nb6 14. b3 a5
15. d5 Bxc3 16. Nxc3 Ne5 17. Bxb6 cxb6 18. a4 Nd7 19. Nb5 Nc5 20. Qf3 Re5 21.
Rfe1 Qe7 22. Rxe5 Qxe5 23. Rb1 Re8 24. g3 g6 25. Qc3 Qxc3 26. Nxc3 Na6 27. Nb5
Rd8 28. Re1 Kf8 29. Kg2 Rd7 30. Re3 Nc7 31. Nxc7 Rxc7 32. Kf3 Re7 33. Rxe7 Kxe7
34. Ke4 Kf6 35. Kf4 h6 36. Ke4 Kg5 37. h3 f5+ 38. Ke3 Kf6 39. f4 Ke7 40. Kd4
Kd7 41. Kc3 Kc7 42. b4 Kd7 43. bxa5 bxa5 44. Kd4 b6 45. Ke3 Ke7 46. Kf3 Kf6 47.
Ke3 Ke7 1/2-1/2

[Event "DEM U14w 2016"]
[Site "Willingen GER"]
[Date "2016.05.16"]
[Round "3"]
[White "Huppert, Anna"]
[Black "Kung, Fanny"]
[Result "0-1"]
[Termination "normal"]
[Board "14"]
[WhiteElo "1029"]
[BlackElo "1472"]
[PlyCount "64"]
[WhiteFideId "16214439"]
[BlackFideId "12987689"]
[EventCountry "GER"]
[EventRounds "9"]
[EventType "swiss"]
[EventDate "2016.05.14"]

1. e4 d5 2. exd5 Nf6 3. Bb5+ Bd7 4. Bc4 c6 5. Nc3 cxd5 6. Nxd5 Nxd5 7. Bxd5 Bc6
8. Bxc6+ Nxc6 9. Nf3 e5 10. O-O Be7 11. Re1 Qd5 12. Qe2 f6 13. d3 O-O 14. Be3
Rfe8 15. Nh4 Rac8 16. Qg4 Qf7 17. Nf5 Kh8 18. a3 Bf8 19. d4 g6 20. Ng3 f5 21.
Nxf5 gxf5 22. Qd1 f4 23. Bd2 Nxd4 24. Bc3 Rcd8 25. Re4 Bg7 26. Bxd4 Rxd4 27.
Rxd4 exd4 28. c3 dxc3 29. bxc3 Bxc3 30. Qd3 Bxa1 31. f3 Qe6 32. Qf1 Bd4+ 0-1

[Event "DEM U14w 2016"]
[Site "Willingen GER"]
[Date "2016.05.16"]
[Round "3"]
[White "Mirschel, Alina"]
[Black "Du, Jessica"]
[Result "0-1"]
[Termination "normal"]
[Board "15"]
[WhiteElo "1008"]
[BlackElo "1520"]
[PlyCount "82"]
[WhiteFideId "12997048"]
[BlackFideId "12988529"]
[EventCountry "GER"]
[EventRounds "9"]
[EventType "swiss"]
[EventDate "2016.05.14"]

1. e4 e5 2. Nf3 Nc6 3. Bc4 Bc5 4. Nc3 Nf6 5. d3 h6 6. Be3 Bb6 7. Qd2 d6 8.
O-O-O Be6 9. Bb5 Bd7 10. Rhg1 Nd4 11. Bc4 Bg4 12. Bxd4 Bxd4 13. h3 Bxc3 14.
Qxc3 Be6 15. Rge1 O-O 16. d4 Bxc4 17. Qxc4 exd4 18. Rxd4 Qc8 19. g4 Re8 20. Re3
b6 21. g5 hxg5 22. Nxg5 Re7 23. Rg3 Nh7 24. f4 Nxg5 25. Rxg5 Qxh3 26. Rd3 Qf1+
27. Kd2 Qxf4+ 28. Kc3 Qxg5 29. Qc6 Qc5+ 30. Qxc5 dxc5 31. Re3 Rae8 32. Kd3 f5
33. Rf3 fxe4+ 34. Ke3 exf3+ 35. Kxf3 Rf7+ 36. Kg4 Re1 37. Kg5 Rf2 38. Kg4 Rg1+
39. Kh3 Rf6 40. Kh2 Rg5 41. Kh3 Rh6# 0-1

[Event "DEM U14w 2016"]
[Site "Willingen GER"]
[Date "2016.05.17"]
[Round "4"]
[White "Schneider, Jana"]
[Black "Mütsch, Annmarie"]
[Result "1-0"]
[Termination "normal"]
[Board "1"]
[WhiteElo "2117"]
[BlackElo "1984"]
[WhiteClock "00:49:49"]
[BlackClock "00:00:51"]
[PlyCount "69"]
[WhiteFideId "12924997"]
[BlackFideId "12971367"]
[EventCountry "GER"]
[EventRounds "9"]
[EventType "swiss"]
[EventDate "2016.05.14"]

1. e4 e5 2. Nf3 Nc6 3. Bb5 a6 4. Ba4 Nge7 5. c3 g6 6. d4 exd4 7. cxd4 b5 8. Bc2
d6 9. d5 Ne5 10. Nxe5 dxe5 11. a4 b4 12. Bg5 Bg7 13. O-O O-O 14. Nd2 a5 15. Nb3
f6 16. Be3 f5 17. f3 Bf6 18. Rc1 f4 19. Bf2 g5 20. Bd3 Ng6 21. Qc2 Rf7 22. d6
cxd6 23. Bc4 Bd7 24. Nd2 Ne7 25. Qb3 Be8 26. Rfd1 Kg7 27. Bxf7 Bxf7 28. Qd3 d5
29. exd5 Qxd5 30. Qe2 Qb7 31. Ne4 Qa6 32. Qd2 Qe6 33. Rc7 Bg6 34. Qd7 Bf5 35.
Nxf6 1-0

[Event "DEM U14w 2016"]
[Site "Willingen GER"]
[Date "2016.05.17"]
[Round "4"]
[White "Schulze, Lara"]
[Black "Mönster, Madita"]
[Result "1/2-1/2"]
[Termination "normal"]
[Board "2"]
[WhiteElo "2041"]
[BlackElo "1738"]
[WhiteClock "00:00:36"]
[BlackClock "00:01:50"]
[PlyCount "117"]
[WhiteFideId "12956830"]
[BlackFideId "12947156"]
[EventCountry "GER"]
[EventRounds "9"]
[EventType "swiss"]
[EventDate "2016.05.14"]

1. e4 c5 2. Nf3 Nc6 3. Bb5 d6 4. d4 cxd4 5. Qxd4 Bd7 6. Bxc6 Bxc6 7. Nc3 h6 8.
Qd3 Nf6 9. Nd4 e6 10. Bd2 a6 11. O-O-O Qc7 12. f3 b5 13. g4 Nd7 14. Qe2 Be7 15.
Rde1 Nb6 16. h4 b4 17. Nd1 Bf6 18. Nxc6 Qxc6 19. Bxb4 Nc4 20. b3 a5 21. Bc3
Bxc3 22. Nxc3 Na3 23. Nb1 Nxb1 24. Kxb1 a4 25. Qd2 Ke7 26. b4 a3 27. Re3 Rhc8
28. Rb3 Qb5 29. Rd1 Rc6 30. Qd3 Qb6 31. Qd4 Qc7 32. Rd2 Rc4 33. Qd3 Rb8 34.
Rxa3 Rbxb4+ 35. Rb3 Ra4 36. c3 Ra6 37. Rdb2 Ra7 38. Kc2 Rca4 39. Kb1 Ra3 40.
Rxa3 Rxa3 41. Rb3 Rxb3+ 42. axb3 Qb6 43. b4 Qf2 44. h5 g6 45. b5 gxh5 46. gxh5
Qc5 47. Kc2 Kd7 48. c4 Qxh5 49. Qe3 Qh2+ 50. Kb3 Qh1 51. Qd3 Kc7 52. e5 d5 53.
c5 Qg1 54. Qc3 Qb1+ 55. Ka4 Qa2+ 56. Kb4 Qb1+ 57. Ka4 Qa2+ 58. Kb4 Qb1+ 59. Ka4
1/2-1/2

[Event "DEM U14w 2016"]
[Site "Willingen GER"]
[Date "2016.05.17"]
[Round "4"]
[White "Bui, Ngoc Han Julia"]
[Black "Wastian, Mareike"]
[Result "1/2-1/2"]
[Termination "normal"]
[Board "3"]
[WhiteElo "1735"]
[BlackElo "1612"]
[WhiteClock "00:17:37"]
[BlackClock "00:50:57"]
[PlyCount "127"]
[WhiteFideId "12977055"]
[BlackFideId "12947423"]
[EventCountry "GER"]
[EventRounds "9"]
[EventType "swiss"]
[EventDate "2016.05.14"]

1. e4 d5 2. exd5 Nf6 3. Nf3 Bg4 4. Bb5+ Nbd7 5. c4 a6 6. Ba4 b5 7. cxb5 Nxd5 8.
bxa6 Rxa6 9. h3 Bh5 10. O-O e6 11. Re1 Bd6 12. d4 O-O 13. Bc2 N7f6 14. Bg5 Qd7
15. Bxf6 Nxf6 16. Nc3 Rb8 17. Bb3 Bb4 18. Ne5 Qd6 19. Ng4 Kh8 20. Re3 Bxc3 21.
bxc3 Nd5 22. Bxd5 Qxd5 23. Qe2 Rba8 24. Re5 Bxg4 25. hxg4 Qc6 26. c4 Ra4 27. d5
Qxc4 28. dxe6 fxe6 29. Rxe6 Qxe2 30. Rxe2 Kg8 31. f3 Kf7 32. Rae1 Rxa2 33. Re7+
Kf8 34. Rxc7 Ra1 35. Rxa1 Rxa1+ 36. Kf2 Ra2+ 37. Kg3 h6 38. g5 hxg5 39. Rc5 Kf7
40. Rxg5 Ra4 41. f4 Ra3+ 42. Kg4 Ra4 43. g3 Ra6 44. Rd5 Rg6+ 45. Kf3 Ra6 46.
Ke4 Rb6 47. g4 Ra6 48. Kf5 Rf6+ 49. Kg5 Rg6+ 50. Kh4 Ra6 51. f5 g6 52. Kg5 gxf5
53. gxf5 Rb6 54. Rc5 Ra6 55. Rc7+ Kf8 56. Rc8+ Kf7 57. Rh8 Kg7 58. Rb8 Kf7 59.
Rb7+ Kf8 60. f6 Ra1 61. f7 Rg1+ 62. Kf6 Rf1+ 63. Ke6 Re1+ 64. Kd6 1/2-1/2

[Event "DEM U14w 2016"]
[Site "Willingen GER"]
[Date "2016.05.17"]
[Round "4"]
[White "Wong, Kar Yan"]
[Black "Rosenhain, Rachela"]
[Result "1/2-1/2"]
[Termination "normal"]
[Board "4"]
[WhiteElo "1515"]
[BlackElo "1877"]
[WhiteClock "00:39:53"]
[BlackClock "00:29:57"]
[PlyCount "137"]
[WhiteFideId "12971855"]
[BlackFideId "12957615"]
[EventCountry "GER"]
[EventRounds "9"]
[EventType "swiss"]
[EventDate "2016.05.14"]

1. e4 e5 2. Nf3 Nc6 3. Bb5 Nf6 4. d3 d6 5. c3 Bd7 6. Ba4 Be7 7. O-O O-O 8. Re1
Re8 9. Nbd2 a6 10. Nf1 Bf8 11. Ng3 g6 12. h3 b5 13. Bc2 Na7 14. d4 c5 15. d5 c4
16. Be3 a5 17. a3 Qc7 18. Nd2 Reb8 19. Qe2 Bc8 20. Reb1 Ba6 21. h4 Nc8 22. Qf3
Bg7 23. h5 b4 24. hxg6 fxg6 25. axb4 axb4 26. Qe2 bxc3 27. bxc3 Rxb1+ 28. Rxb1
Qa5 29. Nxc4 Qxc3 30. Bd3 Bxc4 31. Bxc4 Ra1 32. Rxa1 Qxa1+ 33. Qf1 Qxf1+ 34.
Kxf1 Ng4 35. Bd2 Nb6 36. Bb5 Nf6 37. f3 Kf7 38. Ke2 Bf8 39. Nf1 Nh5 40. Ba5 Nc8
41. Bd7 Ne7 42. Bc7 Ng8 43. Bb5 Ngf6 44. Ne3 Ne8 45. Bb8 Nhf6 46. Nc4 h6 47. g4
Kg7 48. Bxe8 Nxe8 49. Kf2 Kf6 50. Nb6 Kg5 51. Nc4 h5 52. Ne3 h4 53. Ba7 Nf6 54.
Ng2 Nxg4+ 55. fxg4 Kxg4 56. Ne3+ Kf4 57. Ng2+ Kxe4 58. Nxh4 Kxd5 59. Nxg6 Bh6
60. Bb8 e4 61. Ba7 Kc4 62. Ke2 d5 63. Ne7 Bf8 64. Nf5 Kc3 65. Ke3 Ba3 66. Ke2
Bb4 67. Ne3 d4 68. Bxd4+ Kxd4 69. Nc2+ 1/2-1/2

[Event "DEM U14w 2016"]
[Site "Willingen GER"]
[Date "2016.05.17"]
[Round "4"]
[White "Abele, Anais"]
[Black "Kobald, Jacqueline"]
[Result "1/2-1/2"]
[Termination "normal"]
[Board "5"]
[WhiteElo "1560"]
[BlackElo "1559"]
[WhiteClock "00:07:55"]
[BlackClock "00:19:23"]
[PlyCount "64"]
[WhiteFideId "16208927"]
[BlackFideId "12988162"]
[EventCountry "GER"]
[EventRounds "9"]
[EventType "swiss"]
[EventDate "2016.05.14"]

1. e4 c5 2. Nf3 Nc6 3. d4 cxd4 4. Nxd4 g6 5. c4 Bg7 6. Be3 Nf6 7. Nc3 Ng4 8.
Qxg4 Nxd4 9. Qd1 Ne6 10. Rc1 Qa5 11. Qd2 b6 12. Be2 Bb7 13. f3 g5 14. b3 Rd8
15. Nd5 Qxd2+ 16. Bxd2 Be5 17. g3 h6 18. Rf1 Nc7 19. Nxc7+ Bxc7 20. Bc3 Rg8 21.
Bd3 f6 22. Ke2 Be5 23. Bxe5 fxe5 24. c5 Kf7 25. Bc4+ e6 26. cxb6 axb6 27. Bb5
Rc8 28. Bxd7 Ba6+ 29. Kf2 Bxf1 30. Rxc8 Rxc8 31. Bxc8 Bb5 32. a4 Bc6 1/2-1/2

[Event "DEM U14w 2016"]
[Site "Willingen GER"]
[Date "2016.05.17"]
[Round "4"]
[White "Ehmann, Johanna"]
[Black "Garbuz, Nicole"]
[Result "1/2-1/2"]
[Termination "normal"]
[Board "6"]
[WhiteElo "1727"]
[BlackElo "1618"]
[WhiteClock "00:14:34"]
[BlackClock "00:02:07"]
[PlyCount "76"]
[WhiteFideId "12953130"]
[BlackFideId "12990701"]
[EventCountry "GER"]
[EventRounds "9"]
[EventType "swiss"]
[EventDate "2016.05.14"]

1. e4 e5 2. Nf3 Nc6 3. d4 exd4 4. Bc4 Nf6 5. e5 d5 6. Bb5 Ne4 7. Nxd4 Bc5 8.
O-O O-O 9. Bxc6 bxc6 10. f3 Ng5 11. f4 Ne6 12. Be3 Ba6 13. Rf3 Bxd4 14. Bxd4
Be2 15. Qxe2 Nxd4 16. Qd3 Nxf3+ 17. Qxf3 Qe7 18. Nc3 Qc5+ 19. Kh1 Rfe8 20. Qd3
Re6 21. Ne2 Rae8 22. Nd4 Rg6 23. Rf1 Qc4 24. Qxc4 dxc4 25. f5 Rh6 26. e6 Rf6
27. Rf3 c5 28. exf7+ Kxf7 29. Ne6 Kg8 30. Kg1 Re7 31. Kf2 Ref7 32. Ng5 Re7 33.
Ne6 g6 34. g4 h6 35. Ke3 c6 36. Rf4 Rf8 37. Kf3 Rf6 38. Ke4 Rff7 1/2-1/2

[Event "DEM U14w 2016"]
[Site "Willingen GER"]
[Date "2016.05.17"]
[Round "4"]
[White "Voß, Henrike"]
[Black "Weimert, Miriam"]
[Result "1-0"]
[Termination "normal"]
[Board "7"]
[WhiteElo "1461"]
[BlackElo "1761"]
[PlyCount "71"]
[WhiteFideId "12971910"]
[BlackFideId "12966703"]
[EventCountry "GER"]
[EventRounds "9"]
[EventType "swiss"]
[EventDate "2016.05.14"]

1. e4 c5 2. Nf3 a6 3. g3 e6 4. Bg2 Ne7 5. O-O Nbc6 6. c3 g6 7. d4 cxd4 8. cxd4
Bg7 9. Nc3 d5 10. exd5 exd5 11. Bg5 O-O 12. Qd2 Re8 13. Rfe1 Be6 14. Ne2 Qd7
15. Nf4 Nf5 16. Nxe6 Rxe6 17. Ne5 Nxe5 18. dxe5 d4 19. g4 Ne7 20. f4 Rb6 21.
Bxe7 Qxe7 22. Qxd4 Rb4 23. Qf2 Qd7 24. h3 Qb5 25. Bf1 Qa4 26. b3 Qa5 27. Rac1
Bh6 28. Rc4 Bf8 29. Kh2 Rd8 30. Qe3 Rxc4 31. Bxc4 Qxa2+ 32. Re2 Qa5 33. e6 b5
34. exf7+ Kh8 35. Qe5+ Bg7 36. Qe8+ 1-0

[Event "DEM U14w 2016"]
[Site "Willingen GER"]
[Date "2016.05.17"]
[Round "4"]
[White "Eulitz, Charlotte"]
[Black "Kublanov, Elizabeth"]
[Result "0-1"]
[Termination "normal"]
[Board "8"]
[WhiteElo "1513"]
[BlackElo "1462"]
[PlyCount "124"]
[WhiteFideId "12964654"]
[BlackFideId "12944564"]
[EventCountry "GER"]
[EventRounds "9"]
[EventType "swiss"]
[EventDate "2016.05.14"]

1. e4 d5 2. exd5 Qxd5 3. Nc3 Qa5 4. d4 c6 5. Nf3 Nf6 6. Bd2 Bg4 7. Ne4 Qb6 8.
Nxf6+ gxf6 9. Bc3 Nd7 10. Qd3 Bh6 11. Be2 O-O-O 12. Qe4 Be6 13. a4 f5 14. Qh4
Bg7 15. a5 Qc7 16. Qxe7 Rhe8 17. Qb4 Bf8 18. Qa4 c5 19. O-O Bd6 20. dxc5 Nxc5
21. Qh4 Ne4 22. Bb5 Rg8 23. Bf6 Nxf6 24. Qxf6 Rg6 25. Qc3 Rdg8 26. Qxc7+ Bxc7
27. g3 f4 28. Bd3 R6g7 29. Be4 f5 30. Bd3 fxg3 31. fxg3 f4 32. Nd4 Bh3 33. Bf5+
Bxf5 34. Nxf5 Rd7 35. Rf3 Rg5 36. Nh6 fxg3 37. Rf8+ Bd8 38. hxg3 Rxg3+ 39. Kf2
Rg6 40. Nf5 Rf6 41. Rxf6 Bxf6 42. c3 Rd2+ 43. Kf3 Rxb2 44. Nd6+ Kb8 45. Ne4 Be5
46. Rd1 Rb5 47. Ra1 Rb3 48. Rd1 Ra3 49. Rd5 Bxc3 50. Rd3 Bb4 51. Rxa3 Bxa3 52.
Nd2 Kc7 53. Nc4 Bb4 54. Kg4 Kc6 55. Kh5 Kb5 56. Nb2 Bxa5 57. Kh6 Bc3 58. Nd3 a5
59. Nc1 a4 60. Na2 Kc4 61. Kxh7 b5 62. Kg6 b4 0-1

[Event "DEM U14w 2016"]
[Site "Willingen GER"]
[Date "2016.05.17"]
[Round "4"]
[White "Müdder, Melanie"]
[Black "Geletzke, Hannah"]
[Result "0-1"]
[Termination "normal"]
[Board "9"]
[WhiteElo "1527"]
[BlackElo "1503"]
[PlyCount "124"]
[WhiteFideId "12994103"]
[BlackFideId "12983330"]
[EventCountry "GER"]
[EventRounds "9"]
[EventType "swiss"]
[EventDate "2016.05.14"]

1. e4 c5 2. Nc3 a6 3. f4 Nc6 4. Nf3 e6 5. Be2 d5 6. d3 d4 7. Nb1 Nf6 8. O-O Be7
9. c3 b5 10. a4 Bb7 11. Qe1 O-O 12. Qg3 Qc7 13. Ne5 Nd7 14. Nxd7 Qxd7 15. f5
Bd6 16. Bf4 Bxf4 17. Rxf4 exf5 18. Rxf5 Ne7 19. Rxc5 Rac8 20. Rg5 Ng6 21. Bg4
Qc6 22. Bxc8 Rxc8 23. axb5 axb5 24. Ra5 dxc3 25. Qe3 c2 26. Nc3 c1=Q+ 27. Qxc1
Qb6+ 28. d4 Qxa5 29. Qd2 Ba6 30. d5 b4 31. Nd1 Qc5+ 32. Ne3 Re8 33. Rf5 Rxe4
34. d6 Qxe3+ 35. Qxe3 Rxe3 36. Rd5 Re8 37. Ra5 Bc8 38. Rb5 Bd7 39. Rxb4 f6 40.
Rb7 Ne5 41. b4 Kf7 42. b5 Ke6 43. b6 Kxd6 44. Ra7 Rb8 45. b7 Kc7 46. Ra8 Kxb7
47. Rxb8+ Kxb8 48. Kf2 Kc7 49. Ke3 g5 50. Ke4 Kd6 51. g3 h5 52. h4 gxh4 53.
gxh4 Bg4 54. Kf4 f5 55. Ke3 Ng6 56. Kf2 f4 57. Kg2 f3+ 58. Kf2 Nxh4 59. Kg3 Ng2
60. Kf2 h4 61. Kg1 h3 62. Kf1 h2 0-1

[Event "DEM U14w 2016"]
[Site "Willingen GER"]
[Date "2016.05.17"]
[Round "4"]
[White "Kung, Fanny"]
[Black "Reitz, Theresa"]
[Result "0-1"]
[Termination "normal"]
[Board "10"]
[WhiteElo "1472"]
[BlackElo "1629"]
[PlyCount "88"]
[WhiteFideId "12987689"]
[BlackFideId "12971901"]
[EventCountry "GER"]
[EventRounds "9"]
[EventType "swiss"]
[EventDate "2016.05.14"]

1. e4 c5 2. c3 e6 3. d4 d5 4. exd5 exd5 5. Nf3 Nc6 6. Bb5 Bd6 7. Bg5 Nge7 8.
O-O O-O 9. Qd3 Qb6 10. dxc5 Bxc5 11. Bxe7 Nxe7 12. Qe2 Bg4 13. Nbd2 a6 14. Bd3
Qxb2 15. Rfb1 Bxf3 16. Nxf3 Qxe2 17. Bxe2 b5 18. Rd1 Rac8 19. Rac1 Ba3 20. Rc2
Rc7 21. Rd3 Rfc8 22. Bd1 b4 23. cxb4 Rxc2 24. Rxa3 Rc1 25. Rd3 Ra1 26. Kf1 Rcc1
27. Ke1 Rxa2 28. Nd4 Rb1 29. Ne2 Rxb4 30. Nc3 Ra5 31. Bf3 d4 32. Ne2 Ra1+ 33.
Rd1 Rxd1+ 34. Kxd1 a5 35. Kd2 a4 36. Nc1 a3 37. Be4 Rb2+ 38. Kd1 a2 39. Nxa2
Rxa2 40. Ke1 Kf8 41. Kf1 Ng6 42. Bxg6 hxg6 43. Ke1 d3 44. Kf1 Ra1# 0-1

[Event "DEM U14w 2016"]
[Site "Willingen GER"]
[Date "2016.05.17"]
[Round "4"]
[White "Kukulina, Sonja"]
[Black "Könze, Heike"]
[Result "1/2-1/2"]
[Termination "normal"]
[Board "11"]
[WhiteElo "1579"]
[BlackElo "1728"]
[PlyCount "86"]
[WhiteFideId "12977047"]
[BlackFideId "12964476"]
[EventCountry "GER"]
[EventRounds "9"]
[EventType "swiss"]
[EventDate "2016.05.14"]

1. e4 c5 2. Nf3 d6 3. d4 cxd4 4. Nxd4 Nf6 5. Nc3 a6 6. Bd3 e5 7. Nb3 Be7 8. O-O
O-O 9. h3 b5 10. a3 Bb7 11. Be3 d5 12. exd5 Nxd5 13. Be4 Nxe3 14. Qxd8 Rxd8 15.
Bxb7 Ra7 16. fxe3 Rxb7 17. Na5 Rbd7 18. Rad1 g6 19. e4 Bc5+ 20. Kh2 Rxd1 21.
Rxd1 Rxd1 22. Nxd1 Bd4 23. b4 f5 24. c3 Bb6 25. exf5 Bxa5 26. bxa5 gxf5 27. Ne3
f4 28. Ng4 Nc6 29. g3 f3 30. Kg1 Kg7 31. Kf2 h5 32. Nh2 Nxa5 33. Kxf3 Nc4 34.
Ke4 Kf6 35. Nf3 a5 36. g4 hxg4 37. hxg4 Nxa3 38. Nxe5 Kg5 39. c4 b4 40. Kd3 a4
41. c5 Nb5 42. Kc4 a3 43. Kb3 Kf4 1/2-1/2

[Event "DEM U14w 2016"]
[Site "Willingen GER"]
[Date "2016.05.17"]
[Round "4"]
[White "Du, Jessica"]
[Black "Flach, Helene"]
[Result "1/2-1/2"]
[Termination "normal"]
[Board "12"]
[WhiteElo "1520"]
[BlackElo "1822"]
[PlyCount "72"]
[WhiteFideId "12988529"]
[BlackFideId "12929735"]
[EventCountry "GER"]
[EventRounds "9"]
[EventType "swiss"]
[EventDate "2016.05.14"]

1. e4 c5 2. Nf3 e6 3. d4 cxd4 4. c3 d3 5. Bxd3 Nf6 6. Bf4 a6 7. O-O Be7 8. c4
d6 9. Nc3 O-O 10. Qd2 Nh5 11. Bh6 Kh8 12. g4 gxh6 13. Qxh6 Nf4 14. Qxf4 e5 15.
Qe3 Bxg4 16. Kh1 Nd7 17. Nd5 Be6 18. Rg1 Bxd5 19. cxd5 Nc5 20. Bc2 Qc7 21. Ng5
Bxg5 22. Qxg5 f6 23. Qh6 Qf7 24. Rg3 Rg8 25. Rag1 Rxg3 26. Rxg3 Nd7 27. Bd1 Rg8
28. Bh5 Qf8 29. Qxf8 Nxf8 30. Rc3 Rg7 31. h3 Nd7 32. Rc8+ Rg8 33. Rc7 Nc5 34.
f3 Rg7 35. Rc8+ Rg8 36. Rc7 Rg7 1/2-1/2